Library Banner

Hurryat e fikar kay mujahid/ (Record no. 102285)

MARC details
000 -LEADER
fixed length control field 00380nam a22001457a 4500
005 - DATE AND TIME OF LATEST TRANSACTION
control field 20180126155547.0
008 - FIXED-LENGTH DATA ELEMENTS--GENERAL INFORMATION
fixed length control field 180126b xxu||||| |||| 00| 0 eng d
040 ## - CATALOGING SOURCE
Transcribing agency PK-LaUMT
082 ## - DEWEY DECIMAL CLASSIFICATION NUMBER
Classification number PKAC 070.4092
Item number WAR-H
100 ## - MAIN ENTRY--PERSONAL NAME
Personal name Waris Mir
245 ## - TITLE STATEMENT
Title Hurryat e fikar kay mujahid/
Statement of responsibility, etc Waris Mir
260 ## - PUBLICATION, DISTRIBUTION, ETC. (IMPRINT)
Place of publication, distribution, etc لاہور؛
Name of publisher, distributor, etc جنگ پبلشرز،
Date of publication, distribution, etc 1990
300 ## - PHYSICAL DESCRIPTION
Extent 172
942 ## - ADDED ENTRY ELEMENTS (KOHA)
Koha item type Books
Holdings
Withdrawn status Lost status Damaged status Home library Current library Date acquired Full call number Barcode Date last seen Price effective from Koha item type
      UMT Main Campus UMT Main Campus 2018-01-26 PKAC 070.4092 WAR-H 118256 2018-01-26 2018-01-26 Books